000 00493nam a2200181 i 4500
001 53229
003 ES-MaACL
005 20230906162729.0
007 t|
008 031014s1920 fr ||||1| fre d
100 1 _aDuparchy-Jeannez, M.
_946080
245 1 4 _aLes maladies d'après l'écriture /
_cM. Duparchy-Jeannez.
260 _aParis :
_bAlbin Michel,
_c1920.
300 _a207 p. ;
_c25 cm.
650 _aGrafología.
_913152
852 _aES-MaACL
_jA-314
852 _aES-MaACL
_jB-3932
999 _c53229
_d53229